000 00742nam a2200301Ia 4500
001 7023
008 191123s9999 xx 000 0 und d
041 _aspa
044 _aag
100 _aCarranza, Adolfo P.
245 0 _aPatricias Argentinas.
260 _aBuenos Aires :
_bPatricias Argentinas,
_c1910.
300 _a177 p.
500 _aContiene retratos de las damas patricias
650 _aAZURDUY DE PADILLA, JUANA
650 _aESCALADA DE SAN MARTÍN, REMEDIOS
650 _aPATRICIAS
650 _aRETRATOS
650 _aSÁNCHEZ DE THOMPSON, MARÍA
902 _aM
903 _am
904 _am
907 _aImpreso
911 _aIlus. b/n ; 19 cm.
912 _a1910
942 _cLIBRO
999 _c4824
_d4824